| 000 | 00986nam a22003497a 4500 | ||
|---|---|---|---|
| 001 | BR2011000943 | ||
| 003 | BR-BrBNA | ||
| 005 | 20230928103614.0 | ||
| 007 | ta | ||
| 008 | 230509b bl.||||| |||| 00| 0 por d | ||
| 040 |
_aBR-BrBNA _bpor _cBiblioteca Nacional de Agricultura |
||
| 041 | _a(Por) | ||
| 072 | _aP06 | ||
| 090 | _ P06 BR2011000943 | ||
| 100 | 1 | _aCosta, F. (org.) | |
| 110 | 1 |
_aUniversidade de São Paulo, SP (Brasil). Coordenadoria de Comunicação Social _910573 |
|
| 111 | 1 |
_aConferência Nacional _cSão Paulo, SP (Brazil) _d26-28 Sep 2007 |
|
| 245 | 1 | _aBioenergia | |
| 260 | 3 |
_aSão Paulo, SP (Brasil): _c2008. |
|
| 300 | _a279 p. | ||
| 500 | _a414 illus.; 4 tables | ||
| 650 | _aBIOENERGIA | ||
| 650 | _aPOLÍTICAS PÚBLICAS | ||
| 650 | _aMEIO AMBIENTE | ||
| 650 | _aINVESTIMENTO | ||
| 650 | _aIMPACTO ECONÔMICO | ||
| 650 | _aPESQUISA | ||
| 650 | _aBIOMASSA | ||
| 650 | _aINOVAÇÃO | ||
| 909 |
_a202309 _bLucia _c55 _dLucia Elande |
||
| 942 | _cBK | ||
| 999 |
_c75786 _d75786 |
||